Ariana Grande - Break Your Heart Right Back (feat. Childish Gambino) - Statistics

General Stats
  • This quiz has been taken 34 times
  • The average score is 346 of 460
Answer Stats
Lyric % Correct
B
96%
I
96%
it
96%
O
96%
ya
96%
you,
96%
you
96%
You
96%
be
93%
to
93%
a
89%
A,
89%
A
89%
back
89%
break
89%
G,
89%
G
89%
he
89%
heart
89%
just
89%
N
89%
no
89%
right
89%
Right
89%
the
89%
The
89%
Want
89%
want
89%
your
89%
But
85%
but
85%
But,
85%
(But
85%
now
85%
Now
85%
that
85%
that,
85%
do
81%
it's
81%
know
81%
know?) (x2)
81%
M
81%
over
81%
wanna
81%
coming,
78%
coming)
78%
coming
78%
me
78%
me (x2)
78%
said
78%
saw
78%
so
78%
tell
78%
was
78%
What
78%
what
78%
And
74%
and
74%
around
74%
believe
74%
cry
74%
feel
74%
goes
74%
I'm
74%
(I'm
74%
out
74%
out,
74%
river
74%
'round
74%
shoulda
74%
you're
74%
You're
74%
baby,
70%
baby
70%
best
70%
best,
70%
'cause
70%
'Cause
70%
comes
70%
good,
70%
had
70%
if
70%
My
70%
my
70%
signs
70%
wanted
70%
wasn't
70%
were
70%
down
67%
found
67%
friend,
67%
loves
67%
on
67%
telling
67%
trust
67%
type,
67%
up,
67%
Yeah,
67%
yeah,
67%
blind
63%
blind,
63%
can
63%
don't
63%
Don't
63%
everybody
63%
everybody (x4)
63%
going
63%
how
63%
lie
63%
mad
63%
sorry,
63%
Sorry,
63%
too
63%
all
59%
from
59%
guessing
59%
guy
59%
guy,
59%
I've
59%
move
59%
much
59%
nice
59%
stage,
59%
step
59%
they
59%
this
59%
would
59%
been
56%
get
56%
girls
56%
running
56%
there,
56%
way
56%
why
56%
why,
56%
wouldn't
56%
already
52%
ask
52%
did
52%
flow
52%
for
52%
he's
52%
last
52%
man,
52%
man
52%
nickname
52%
Ooh,
52%
spell
52%
time
52%
with
52%
Yes,
52%
gone,
48%
got
48%
hate,
48%
hey
48%
lunch
48%
money
48%
Nah,
48%
other
48%
say
48%
school
48%
them
48%
true
48%
uh
48%
understand
48%
whack
48%
ain't
44%
done
44%
gross,
44%
guys,
44%
loyal
44%
not
44%
well
44%
again,
41%
alone,
41%
dude
41%
Listen,
37%
doing
33%
town
33%
Okay,
30%
sick
30%
really
22%
No matching quizzes found
Score Distribution
Percent of People with Each Score
Percentile by Number Answered
Your Score History
You have not taken this quiz